[Event "1st Archibald 2019"]
[Site "Sochi"]
[Date "2019.05.13"]
[Round "2.17"]
[White "Novikov, Evgenij"]
[Black "Guseva, Marina"]
[Result "0-1"]
[WhiteElo "2148"]
[BlackElo "2402"]
[Annotator "ChessBase"]
[PlyCount "150"]
[EventDate "2019.05.12"]
[EventType "swiss"]
[EventCountry "RUS"]
[SourceTitle "playchess.com"]
[Source "ChessBase"]
[SourceQuality "1"]
[TimeControl "5400+30"]

1. d4 {[%emt 0:00:00]} d5 {[%emt 0:00:04]} 2. Bf4 {[%emt 0:00:21]} Nf6 {[%emt 0:00:06]} 3. e3 {[%emt 0:00:20]} c5 {[%emt 0:00:06]} 4. c3 {[%emt 0:00:13]} Nc6 {[%emt 0:00:05]} 5. Nd2 {[%emt 0:00:33]} cxd4 {[%emt 0:01:03]} 6. exd4 {[%emt 0:00:06]} Bf5 {[%emt 0:00:05]} 7. Ngf3 {[%emt 0:01:30]} e6 {[%emt 0:00:05]} 8. Be2 {[%emt 0:00:29]} Bd6 {[%emt 0:00:09]} 9. Bxd6 {[%emt 0:01:47]} Qxd6 {[%emt 0:00:05]} 10. Nh4 {[%emt 0:00:07]} Bg6 {[%emt 0:00:04]} 11. O-O {[%emt 0:00:36]} O-O {[%emt 0:00:08]} 12. Nxg6 {[%emt 0:00:30]} hxg6 {[%emt 0:00:03]} 13. Bd3 {[%emt 0:00:20]} Rab8 {[%emt 0:00:31]} 14. Qe2 {[%emt 0:00:28]} a6 {[%emt 0:03:28]} 15. f4 {[%emt 0:05:40]} Rfc8 {[%emt 0:01:43]} 16. Nf3 {[%emt 0:08:27]} b5 {[%emt 0:26:41]} 17. a3 {[%emt 0:02:49]} Ne7 {[%emt 0:02:54]} 18. Ne5 {[%emt 0:03:30]} Qb6 {[%emt 0:00:06]} 19. g4 {[%emt 0:02:40]} Rc7 {[%emt 0:00:59]} 20. h4 {[%emt 0:04:02]} a5 {[%emt 0:02:09]} 21. h5 {[%emt 0:02:29]} gxh5 {[%emt 0:01:00]} 22. g5 {[%emt 0:00:49]} Ne4 {[%emt 0:00:51]} 23. Qxh5 {[%emt 0:01:19]} Nf5 {[%emt 0:06:53]} 24. g6 {[%emt 0:07:19]} f6 {[%emt 0:17:35]} 25. Nf3 {[%emt 0:07:40]} Nh6 {[%emt 0:02:11]} 26. Rfe1 {[%emt 0:03:16]} Qc6 {[%emt 0:02:01]} 27. Rac1 {[%emt 0:05:22]} Re7 {[%emt 0:02:49]} 28. b3 {[%emt 0:04:53]} Nxc3 {[%emt 0:09:57]} 29. b4 {[%emt 0:14:08]} axb4 {[%emt 0:00:05]} 30. axb4 {[%emt 0:00:05]} Rc8 {[%emt 0:02:08]} 31. Rc2 {[%emt 0:09:07]} Qd6 {[%emt 0:03:29]} 32. Rec1 {[%emt 0:00:04]} Rec7 {[%emt 0:00:09]} 33. Qh2 {[%emt 0:00:46]} Kf8 {[%emt 0:03:01]} 34. Qd2 {[%emt 0:01:44]} Ne4 {[%emt 0:00:53]} 35. Qe2 {[%emt 0:02:45]} Qxf4 {[%emt 0:04:08]} 36. Rxc7 {[%emt 0:01:34]} Rxc7 {[%emt 0:00:07]} 37. Rxc7 {[%emt 0:00:03]} Qxc7 {[%emt 0:02:15]} 38. Bxe4 {[%emt 0:00:17]} dxe4 {[%emt 0:01:02]} 39. Qxe4 {[%emt 0:00:03]} Qd7 {[%emt 0:02:05]} 40. Qa8+ {[%emt 0:02:38]} Qe8 {[%emt 0:01:05]} 41. Qe4 {[%emt 0:00:54]} Nf5 {[%emt 0:03:02]} 42. Qg4 {[%emt 0:02:33]} Qc6 {[%emt 0:00:28]} 43. Qf4 {[%emt 0:00:30]} Qd6 {[%emt 0:02:14]} 44. Qe4 {[%emt 0:00:43]} Ke7 {[%emt 0:00:59]} 45. Qb7+ {[%emt 0:00:14]} Qd7 {[%emt 0:00:03]} 46. Qb6 {[%emt 0:00:23]} Nd6 {[%emt 0:00:28]} 47. Qc5 {[%emt 0:00:45]} Qc8 {[%emt 0:00:55]} 48. Kg2 {[%emt 0:01:07]} Qb7 {[%emt 0:00:24]} 49. d5 {[%emt 0:00:59]} Qxd5 {[%emt 0:00:36]} 50. Qc7+ {[%emt 0:02:35]} Kf8 {[%emt 0:00:04]} 51. Qd7 {[%emt 0:00:12]} f5 {[%emt 0:00:41]} 52. Kh2 {[%emt 0:01:42]} Qa2+ {[%emt 0:00:53]} 53. Kh3 {[%emt 0:00:43]} Qd5 {[%emt 0:00:40]} 54. Kh2 {[%emt 0:00:18]} Qa2+ {[%emt 0:00:32]} 55. Kh3 {[%emt 0:00:06]} Qa6 {[%emt 0:00:29]} 56. Qxe6 {[%emt 0:01:04]} Qc6 {[%emt 0:00:05]} 57. Kh2 {[%emt 0:01:49]} Qc2+ {[%emt 0:00:39]} 58. Kg1 {[%emt 0:00:28]} Qb1+ {[%emt 0:00:13]} 59. Kg2 {[%emt 0:00:28]} Qxb4 {[%emt 0:00:50]} 60. Ne5 {[%emt 0:00:13]} Qd2+ {[%emt 0:00:17]} 61. Kg1 {[%emt 0:00:33]} Qg5+ {[%emt 0:00:21]} 62. Kf1 {[%emt 0:00:07]} Qe7 {[%emt 0:00:30]} 63. Qd5 {[%emt 0:00:24]} b4 {[%emt 0:00:59]} 64. Qa8+ {[%emt 0:01:07]} Qe8 {[%emt 0:00:19]} 65. Qd5 {[%emt 0:00:16]} Qb5+ {[%emt 0:00:17]} 66. Qxb5 {[%emt 0:00:23]} Nxb5 {[%emt 0:00:03]} 67. Ke2 {[%emt 0:00:30]} b3 {[%emt 0:00:34]} 68. Kd2 {[%emt 0:00:48]} Ke7 {[%emt 0:00:09]} 69. Nc6+ {[%emt 0:00:25]} Kf6 {[%emt 0:00:05]} 70. Na5 {[%emt 0:00:15]} Nd4 {[%emt 0:01:05]} 71. Kc3 {[%emt 0:00:06]} Kxg6 {[%emt 0:01:11]} 72. Nc4 {[%emt 0:00:05]} Ne6 {[%emt 0:00:20]} 73. Nd2 {[%emt 0:00:16]} Kg5 {[%emt 0:00:10]} 74. Nxb3 {[%emt 0:00:06]} Kf4 {[%emt 0:00:05]} 75. Kd2 {[%emt 0:00:11]} g5 {[%emt 0:00:09]} 0-1

[Event "1st Archibald 2019"]
[Site "Sochi"]
[Date "2019.05.13"]
[Round "2.18"]
[White "Ufimtsev, Egor"]
[Black "Solozhenkina, Elizaveta"]
[Result "0-1"]
[WhiteElo "2101"]
[BlackElo "2329"]
[Annotator "ChessBase"]
[PlyCount "75"]
[EventDate "2019.05.12"]
[EventType "swiss"]
[EventCountry "RUS"]
[SourceTitle "playchess.com"]
[Source "ChessBase"]
[SourceQuality "1"]
[TimeControl "5400+30"]

1. c4 {[%emt 0:00:00]} c5 {[%emt 0:00:06]} 2. Nf3 {[%emt 0:00:16]} Nc6 {[%emt 0:00:12]} 3. Nc3 {[%emt 0:06:27]} e5 {[%emt 0:00:12]} 4. g3 {[%emt 0:04:46]} g6 {[%emt 0:01:04]} 5. Bg2 {[%emt 0:00:03]} Bg7 {[%emt 0:00:08]} 6. O-O {[%emt 0:00:03]} Nge7 {[%emt 0:00:08]} 7. Ne1 {[%emt 0:00:15]} O-O {[%emt 0:00:24]} 8. Nc2 {[%emt 0:00:04]} d6 {[%emt 0:00:54]} 9. Ne3 {[%emt 0:00:15]} Be6 {[%emt 0:04:55]} 10. Ned5 {[%emt 0:03:21]} Rb8 {[%emt 0:00:51]} 11. d3 {[%emt 0:31:22]} a6 {[%emt 0:05:24]} 12. a4 {[%emt 0:00:04]} h6 {[%emt 0:09:36]} 13. Rb1 {[%emt 0:02:51]} Nb4 {[%emt 0:03:11]} 14. Nxb4 {[%emt 0:16:47]} cxb4 {[%emt 0:00:06]} 15. Nd5 {[%emt 0:00:07]} b5 {[%emt 0:13:19]} 16. Nxe7+ {[%emt 0:06:21]} Qxe7 {[%emt 0:00:17]} 17. axb5 {[%emt 0:00:15]} axb5 {[%emt 0:00:06]} 18. b3 {[%emt 0:01:46]} bxc4 {[%emt 0:05:43]} 19. bxc4 {[%emt 0:02:44]} Rfd8 {[%emt 0:01:15]} 20. Qb3 {[%emt 0:04:38]} Qd7 {[%emt 0:19:54]} 21. Bd2 {[%emt 0:01:06]} Bf8 {[%emt 0:00:25]} 22. Bd5 {[%emt 0:01:16]} Bxd5 {[%emt 0:09:38]} 23. cxd5 {[%emt 0:00:03]} Rb5 {[%emt 0:00:25]} 24. Rfc1 {[%emt 0:05:09]} Rdb8 {[%emt 0:02:02]} 25. Kg2 {[%emt 0:03:04]} Kg7 {[%emt 0:01:12]} 26. Rc6 {[%emt 0:00:39]} Be7 {[%emt 0:01:07]} 27. e4 {[%emt 0:02:17]} Bg5 {[%emt 0:03:01]} 28. Bxg5 {[%emt 0:03:04]} hxg5 {[%emt 0:00:02]} 29. Rbc1 {[%emt 0:00:38]} Rh8 {[%emt 0:02:54]} 30. Rh1 {[%emt 0:00:03]} Qh3+ {[%emt 0:01:15]} 31. Kg1 {[%emt 0:00:07]} Ra8 {[%emt 0:00:50]} 32. Rc1 {[%emt 0:01:37]} Ra3 {[%emt 0:00:55]} 33. Qb2 {[%emt 0:00:18]} Rb7 {[%emt 0:05:18]} 34. Rd1 {[%emt 0:01:10]} Rc3 {[%emt 0:02:55]} 35. Qe2 {[%emt 0:02:48]} b3 {[%emt 0:01:08]} 36. Qf1 {[%emt 0:00:23]} g4 {[%emt 0:00:18]} 37. f3 {[%emt 0:00:50]} Rc2 {[%emt 0:00:35]} 38. Qe1 {[%emt 0:00:20]} 0-1

[Event "1st Archibald 2019"]
[Site "Sochi"]
[Date "2019.05.13"]
[Round "2.19"]
[White "Gharagyozyan, Artur"]
[Black "Kazimov, Farhan"]
[Result "1-0"]
[WhiteElo "2321"]
[BlackElo "2146"]
[Annotator "ChessBase"]
[PlyCount "159"]
[EventDate "2019.05.12"]
[EventType "swiss"]
[EventCountry "RUS"]
[SourceTitle "playchess.com"]
[Source "ChessBase"]
[SourceQuality "1"]
[TimeControl "5400+30"]

1. e4 {[%emt 0:00:00]} e6 {[%emt 0:00:02]} 2. d4 {[%emt 0:06:23]} d5 {[%emt 0:00:43]} 3. e5 {[%emt 0:00:08]} c5 {[%emt 0:00:06]} 4. c3 {[%emt 0:00:05]} Nc6 {[%emt 0:00:04]} 5. Nf3 {[%emt 0:00:06]} Qb6 {[%emt 0:00:10]} 6. Be2 {[%emt 0:00:09]} Nh6 {[%emt 0:00:22]} 7. b3 {[%emt 0:00:05]} cxd4 {[%emt 0:00:21]} 8. cxd4 {[%emt 0:00:03]} Bb4+ {[%emt 0:00:39]} 9. Kf1 {[%emt 0:00:06]} Nf5 {[%emt 0:00:08]} 10. Bb2 {[%emt 0:00:04]} h5 {[%emt 0:01:08]} 11. g3 {[%emt 0:00:37]} Bd7 {[%emt 0:00:40]} 12. Nc3 {[%emt 0:01:01]} Rc8 {[%emt 0:04:18]} 13. Na4 {[%emt 0:01:53]} Qd8 {[%emt 0:00:55]} 14. h4 {[%emt 0:00:42]} Na5 {[%emt 0:05:04]} 15. Nc5 {[%emt 0:03:08]} Bxc5 {[%emt 0:02:57]} 16. dxc5 {[%emt 0:00:04]} b6 {[%emt 0:00:08]} 17. cxb6 {[%emt 0:02:00]} Qxb6 {[%emt 0:01:42]} 18. Nd4 {[%emt 0:00:22]} Nc4 {[%emt 0:02:54]} 19. Nxf5 {[%emt 0:02:23]} Nxb2 {[%emt 0:01:33]} 20. Nxg7+ {[%emt 0:01:02]} Kf8 {[%emt 0:00:07]} 21. Qd2 {[%emt 0:00:26]} Kxg7 {[%emt 0:01:12]} 22. Qxb2 {[%emt 0:00:06]} d4 {[%emt 0:00:06]} 23. Rd1 {[%emt 0:02:12]} Bc6 {[%emt 0:00:07]} 24. Rg1 {[%emt 0:00:09]} Rcd8 {[%emt 0:00:08]} 25. g4 {[%emt 0:00:09]} Qc5 {[%emt 0:03:14]} 26. gxh5+ {[%emt 0:00:18]} Kf8 {[%emt 0:00:05]} 27. Rc1 {[%emt 0:01:16]} Qd5 {[%emt 0:01:12]} 28. Qa3+ {[%emt 0:00:58]} Ke8 {[%emt 0:00:33]} 29. Rc5 {[%emt 0:00:45]} Qe4 {[%emt 0:07:29]} 30. f3 {[%emt 0:01:19]} Qf5 {[%emt 0:01:23]} 31. Rxc6 {[%emt 0:07:58]} d3 {[%emt 0:00:06]} 32. Rd6 {[%emt 0:05:12]} dxe2+ {[%emt 0:03:15]} 33. Kf2 {[%emt 0:01:24]} Qxe5 {[%emt 0:01:20]} 34. Rxd8+ {[%emt 0:01:57]} Kxd8 {[%emt 0:00:08]} 35. Qxa7 {[%emt 0:00:58]} Ke8 {[%emt 0:06:23]} 36. Qa8+ {[%emt 0:02:33]} Ke7 {[%emt 0:00:12]} 37. Qb7+ {[%emt 0:00:06]} Kf8 {[%emt 0:09:13]} 38. Qb4+ {[%emt 0:00:24]} Ke8 {[%emt 0:00:07]} 39. Qe4 {[%emt 0:00:39]} Qh2+ {[%emt 0:01:39]} 40. Rg2 {[%emt 0:00:08]} Qh1 {[%emt 0:02:43]} 41. Qc6+ {[%emt 0:01:27]} Ke7 {[%emt 0:00:28]} 42. Qc5+ {[%emt 0:00:03]} Ke8 {[%emt 0:02:48]} 43. Qb5+ {[%emt 0:00:05]} Kf8 {[%emt 0:00:02]} 44. Qxe2 {[%emt 0:10:09]} Qxh4+ {[%emt 0:00:29]} 45. Kf1 {[%emt 0:00:45]} Rxh5 {[%emt 0:00:33]} 46. Qe4 {[%emt 0:03:26]} Qh1+ {[%emt 0:04:58]} 47. Kf2 {[%emt 0:01:29]} Ke7 {[%emt 0:02:12]} 48. Qb4+ {[%emt 0:01:19]} Kf6 {[%emt 0:00:35]} 49. Qc3+ {[%emt 0:00:32]} e5 {[%emt 0:05:13]} 50. Qc6+ {[%emt 0:02:02]} Ke7 {[%emt 0:00:15]} 51. Qc7+ {[%emt 0:01:42]} Ke6 {[%emt 0:00:08]} 52. Qc8+ {[%emt 0:00:46]} Ke7 {[%emt 0:00:24]} 53. Qg4 {[%emt 0:00:34]} Rh2 {[%emt 0:02:13]} 54. Qg5+ {[%emt 0:01:03]} f6 {[%emt 0:00:40]} 55. Qg7+ {[%emt 0:00:56]} Ke8 {[%emt 0:02:06]} 56. a4 {[%emt 0:02:11]} Rxg2+ {[%emt 0:01:41]} 57. Qxg2 {[%emt 0:01:21]} Qh7 {[%emt 0:00:21]} 58. Ke3 {[%emt 0:01:26]} Qb1 {[%emt 0:01:19]} 59. Qg8+ {[%emt 0:00:13]} Ke7 {[%emt 0:00:02]} 60. Qd5 {[%emt 0:01:50]} Qa1 {[%emt 0:01:10]} 61. Kd3 {[%emt 0:00:30]} f5 {[%emt 0:00:08]} 62. Kc4 {[%emt 0:00:13]} Kf6 {[%emt 0:00:10]} 63. a5 {[%emt 0:00:51]} Qc1+ {[%emt 0:00:36]} 64. Kb5 {[%emt 0:00:13]} Qf1+ {[%emt 0:00:24]} 65. Kb6 {[%emt 0:00:09]} Qf2+ {[%emt 0:00:32]} 66. Kb7 {[%emt 0:00:10]} Qd4 {[%emt 0:00:15]} 67. Qc6+ {[%emt 0:00:35]} Kg5 {[%emt 0:00:02]} 68. a6 {[%emt 0:00:21]} Qb4+ {[%emt 0:00:04]} 69. Qb6 {[%emt 0:01:13]} Qe7+ {[%emt 0:00:09]} 70. Kc8 {[%emt 0:00:23]} Kf4 {[%emt 0:01:15]} 71. a7 {[%emt 0:00:22]} Qe8+ {[%emt 0:00:01]} 72. Kb7 {[%emt 0:00:33]} Qe7+ {[%emt 0:01:04]} 73. Kc6 {[%emt 0:01:06]} Qa3 {[%emt 0:02:53]} 74. Qb7 {[%emt 0:02:36]} Qc1+ {[%emt 0:00:53]} 75. Kd7 {[%emt 0:02:23]} Qd1+ {[%emt 0:00:15]} 76. Ke8 {[%emt 0:00:49]} e4 {[%emt 0:00:05]} 77. a8=Q {[%emt 0:00:27]} exf3 {[%emt 0:00:58]} 78. Qab8+ {[%emt 0:00:11]} Ke3 {[%emt 0:00:07]} 79. Qb6+ {[%emt 0:00:08]} Ke2 {[%emt 0:00:50]} 80. Qh2+ {[%emt 0:00:14]} 1-0

[Event "1st Archibald 2019"]
[Site "Sochi"]
[Date "2019.05.13"]
[Round "2.20"]
[White "Maltsevskaya, Aleksandra"]
[Black "Kiriushin, Vladimir"]
[Result "1/2-1/2"]
[WhiteElo "2299"]
[BlackElo "2041"]
[Annotator "ChessBase"]
[PlyCount "130"]
[EventDate "2019.05.12"]
[EventType "swiss"]
[EventCountry "RUS"]
[SourceTitle "playchess.com"]
[Source "ChessBase"]
[SourceQuality "1"]
[TimeControl "5400+30"]

1. e4 {[%emt 0:00:00]} e6 {[%emt 0:00:03]} 2. d4 {[%emt 0:00:22]} d5 {[%emt 0:00:09]} 3. Nc3 {[%emt 0:00:06]} Nf6 {[%emt 0:00:07]} 4. Bg5 {[%emt 0:00:36]} Be7 {[%emt 0:00:05]} 5. e5 {[%emt 0:00:08]} Nfd7 {[%emt 0:00:08]} 6. h4 {[%emt 0:00:05]} h6 {[%emt 0:00:09]} 7. Bxe7 {[%emt 0:00:10]} Qxe7 {[%emt 0:00:05]} 8. Qg4 {[%emt 0:01:51]} O-O {[%emt 0:00:14]} 9. O-O-O {[%emt 0:02:21]} c5 {[%emt 0:02:12]} 10. Nf3 {[%emt 0:01:47]} cxd4 {[%emt 0:00:11]} 11. Nb5 {[%emt 0:02:01]} Nc6 {[%emt 0:00:07]} 12. Qh5 {[%emt 0:00:12]} f6 {[%emt 0:02:26]} 13. Nbxd4 {[%emt 0:06:38]} Ndxe5 {[%emt 0:01:53]} 14. Nxc6 {[%emt 0:02:13]} Nxc6 {[%emt 0:00:28]} 15. Bd3 {[%emt 0:00:29]} f5 {[%emt 0:07:49]} 16. g4 {[%emt 0:01:10]} Qf7 {[%emt 0:02:21]} 17. Qxf7+ {[%emt 0:02:00]} Rxf7 {[%emt 0:02:17]} 18. gxf5 {[%emt 0:04:54]} e5 {[%emt 0:12:03]} 19. c4 {[%emt 0:07:44]} Bxf5 {[%emt 0:04:55]} 20. cxd5 {[%emt 0:00:39]} Bxd3 {[%emt 0:00:29]} 21. Rxd3 {[%emt 0:00:05]} e4 {[%emt 0:02:59]} 22. Re3 {[%emt 0:00:05]} Rxf3 {[%emt 0:04:17]} 23. dxc6 {[%emt 0:00:20]} Rc8 {[%emt 0:00:02]} 24. Rxf3 {[%emt 0:02:29]} exf3 {[%emt 0:00:01]} 25. Kd2 {[%emt 0:00:29]} Rxc6 {[%emt 0:00:02]} 26. Ke3 {[%emt 0:03:11]} Rc2 {[%emt 0:01:26]} 27. Rb1 {[%emt 0:00:20]} g6 {[%emt 0:00:46]} 28. Kxf3 {[%emt 0:00:14]} Kf7 {[%emt 0:00:12]} 29. Kg3 {[%emt 0:02:51]} Kf6 {[%emt 0:00:19]} 30. a4 {[%emt 0:00:04]} b6 {[%emt 0:01:22]} 31. b4 {[%emt 0:00:45]} Ra2 {[%emt 0:00:53]} 32. a5 {[%emt 0:05:11]} bxa5 {[%emt 0:00:06]} 33. b5 {[%emt 0:00:04]} Ra3+ {[%emt 0:02:01]} 34. f3 {[%emt 0:00:07]} h5 {[%emt 0:00:25]} 35. Rc1 {[%emt 0:00:32]} Rb3 {[%emt 0:02:02]} 36. Rc5 {[%emt 0:01:09]} a4 {[%emt 0:00:38]} 37. Rc6+ {[%emt 0:00:14]} Kf5 {[%emt 0:02:05]} 38. Rc5+ {[%emt 0:00:51]} Ke6 {[%emt 0:00:06]} 39. Rc6+ {[%emt 0:00:08]} Kf5 {[%emt 0:02:33]} 40. Ra6 {[%emt 0:01:50]} Rxb5 {[%emt 0:00:12]} 41. Rxa7 {[%emt 0:00:08]} Rb4 {[%emt 0:00:44]} 42. Ra6 {[%emt 0:00:04]} Rc4 {[%emt 0:00:32]} 43. Ra5+ {[%emt 0:02:41]} Ke6 {[%emt 0:00:04]} 44. Ra6+ {[%emt 0:00:59]} Kf5 {[%emt 0:00:02]} 45. Rb6 {[%emt 0:01:14]} a3 {[%emt 0:02:35]} 46. Rb5+ {[%emt 0:00:06]} Ke6 {[%emt 0:00:59]} 47. Ra5 {[%emt 0:00:12]} Rc3 {[%emt 0:00:10]} 48. Kf4 {[%emt 0:00:14]} Rc4+ {[%emt 0:00:34]} 49. Kg5 {[%emt 0:00:09]} Rc3 {[%emt 0:00:14]} 50. Ra6+ {[%emt 0:04:03]} Kd7 {[%emt 0:01:28]} 51. Ra7+ {[%emt 0:01:59]} Kc6 {[%emt 0:01:10]} 52. Kxg6 {[%emt 0:00:20]} Rxf3 {[%emt 0:00:05]} 53. Kxh5 {[%emt 0:00:26]} Kb6 {[%emt 0:00:12]} 54. Ra8 {[%emt 0:01:15]} Rf5+ {[%emt 0:00:18]} 55. Kg6 {[%emt 0:00:06]} Ra5 {[%emt 0:00:11]} 56. Rb8+ {[%emt 0:00:07]} Kc5 {[%emt 0:00:18]} 57. Rb1 {[%emt 0:00:04]} a2 {[%emt 0:00:16]} 58. Ra1 {[%emt 0:00:03]} Kb4 {[%emt 0:00:12]} 59. h5 {[%emt 0:00:05]} Kb3 {[%emt 0:00:31]} 60. h6 {[%emt 0:00:07]} Ra6+ {[%emt 0:00:43]} 61. Kg7 {[%emt 0:00:09]} Ra7+ {[%emt 0:00:03]} 62. Kg6 {[%emt 0:00:07]} Ra6+ {[%emt 0:00:02]} 63. Kg5 {[%emt 0:01:22]} Ra5+ {[%emt 0:00:02]} 64. Kg4 {[%emt 0:08:36]} Ra4+ {[%emt 0:01:04]} 65. Kg5 {[%emt 0:00:16]} Ra5+ {[%emt 0:00:19]} 1/2-1/2

[Event "1st Archibald 2019"]
[Site "Sochi"]
[Date "2019.05.13"]
[Round "2.21"]
[White "Yakimenko, Alexander A."]
[Black "Alexeev, Alexey"]
[Result "1/2-1/2"]
[WhiteElo "2059"]
[BlackElo "2292"]
[Annotator "ChessBase"]
[PlyCount "143"]
[EventDate "2019.05.12"]
[EventType "swiss"]
[EventCountry "RUS"]
[SourceTitle "playchess.com"]
[Source "ChessBase"]
[SourceQuality "1"]
[TimeControl "5400+30"]

1. e4 {[%emt 0:00:00]} e6 {[%emt 0:00:11]} 2. d4 {[%emt 0:00:08]} d5 {[%emt 0:00:06]} 3. Nc3 {[%emt 0:00:20]} Bb4 {[%emt 0:00:09]} 4. Nge2 {[%emt 0:00:21]} Nc6 {[%emt 0:00:18]} 5. a3 {[%emt 0:01:05]} Ba5 {[%emt 0:00:40]} 6. Be3 {[%emt 0:05:52]} Nf6 {[%emt 0:04:10]} 7. e5 {[%emt 0:01:56]} Ng4 {[%emt 0:01:21]} 8. Qd3 {[%emt 0:08:55]} f6 {[%emt 0:01:55]} 9. exf6 {[%emt 0:04:04]} Qxf6 {[%emt 0:01:23]} 10. f4 {[%emt 0:09:59]} Bd7 {[%emt 0:10:09]} 11. O-O-O {[%emt 0:01:58]} O-O-O {[%emt 0:02:05]} 12. g3 {[%emt 0:02:38]} Be8 {[%emt 0:04:10]} 13. Bg2 {[%emt 0:05:05]} Bg6 {[%emt 0:09:12]} 14. Qd2 {[%emt 0:00:56]} Qe7 {[%emt 0:17:12]} 15. Kb1 {[%emt 0:00:00]} Nf6 {[%emt 0:00:20]} 16. Qc1 {[%emt 0:00:00]} Bxc3 {[%emt 0:02:11]} 17. Nxc3 {[%emt 0:00:18]} Na5 {[%emt 0:00:09]} 18. Ka2 {[%emt 0:05:39]} Nc4 {[%emt 0:02:26]} 19. Rde1 {[%emt 0:03:01]} Qf7 {[%emt 0:21:48]} 20. Rhf1 {[%emt 0:03:16]} h5 {[%emt 0:06:49]} 21. h3 {[%emt 0:03:56]} Bf5 {[%emt 0:05:09]} 22. Bf2 {[%emt 0:00:00]} Qg6 {[%emt 0:02:47]} 23. b3 {[%emt 0:00:00]} Nd6 {[%emt 0:06:20]} 24. Kb2 {[%emt 0:00:06]} Nfe4 {[%emt 0:00:09]} 25. Nxe4 {[%emt 0:00:03]} Bxe4 {[%emt 0:00:05]} 26. Bxe4 {[%emt 0:00:05]} Nxe4 {[%emt 0:00:12]} 27. Qe3 {[%emt 0:00:05]} Qf5 {[%emt 0:00:02]} 28. h4 {[%emt 0:00:04]} Rh6 {[%emt 0:00:16]} 29. Re2 {[%emt 0:04:43]} Rg6 {[%emt 0:01:16]} 30. Be1 {[%emt 0:02:00]} Qf6 {[%emt 0:00:22]} 31. Ka2 {[%emt 0:06:34]} c5 {[%emt 0:01:38]} 32. dxc5 {[%emt 0:01:29]} Rxg3 {[%emt 0:00:30]} 33. Rf3 {[%emt 0:02:31]} Rxf3 {[%emt 0:00:25]} 34. Qxf3 {[%emt 0:01:46]} Nxc5 {[%emt 0:00:02]} 35. Qxh5 {[%emt 0:00:16]} Qxf4 {[%emt 0:01:03]} 36. Bb4 {[%emt 0:03:20]} Ne4 {[%emt 0:00:30]} 37. Qg6 {[%emt 0:00:50]} Qe5 {[%emt 0:00:30]} 38. Rg2 {[%emt 0:00:51]} Rd7 {[%emt 0:00:30]} 39. Qe8+ {[%emt 0:01:27]} Kc7 {[%emt 0:00:30]} 40. Qa8 {[%emt 0:00:00]} Nc3+ {[%emt 0:00:30]} 41. Bxc3 {[%emt 0:02:47]} Qxc3 {[%emt 0:00:30]} 42. Qxa7 {[%emt 0:00:04]} e5 {[%emt 0:00:11]} 43. Qf2 {[%emt 0:00:46]} Kb8 {[%emt 0:00:49]} 44. Kb1 {[%emt 0:00:43]} e4 {[%emt 0:00:30]} 45. Qg3+ {[%emt 0:00:24]} Qxg3 {[%emt 0:00:30]} 46. Rxg3 {[%emt 0:00:35]} Kc7 {[%emt 0:00:01]} 47. Rg6 {[%emt 0:00:15]} d4 {[%emt 0:00:59]} 48. Kc1 {[%emt 0:01:13]} Rf7 {[%emt 0:00:12]} 49. Kd2 {[%emt 0:00:24]} Rf2+ {[%emt 0:00:48]} 50. Kd1 {[%emt 0:00:17]} e3 {[%emt 0:00:13]} 51. Rxg7+ {[%emt 0:01:26]} Kc6 {[%emt 0:00:47]} 52. Rg5 {[%emt 0:00:15]} Rd2+ {[%emt 0:00:30]} 53. Kc1 {[%emt 0:00:14]} Rh2 {[%emt 0:00:30]} 54. Kd1 {[%emt 0:00:04]} Rd2+ {[%emt 0:00:30]} 55. Kc1 {[%emt 0:01:24]} Rh2 {[%emt 0:00:08]} 56. Kd1 {[%emt 0:00:04]} Rxh4 {[%emt 0:00:05]} 57. Ke2 {[%emt 0:00:14]} Rh2+ {[%emt 0:01:17]} 58. Kd1 {[%emt 0:00:42]} Rd2+ {[%emt 0:00:30]} 59. Kc1 {[%emt 0:00:15]} Kd6 {[%emt 0:00:03]} 60. a4 {[%emt 0:00:58]} Rh2 {[%emt 0:00:26]} 61. Kd1 {[%emt 0:00:16]} Rd2+ {[%emt 0:00:17]} 62. Kc1 {[%emt 0:00:55]} Rh2 {[%emt 0:00:02]} 63. Kd1 {[%emt 0:00:56]} Rh1+ {[%emt 0:00:00]} 64. Ke2 {[%emt 0:00:23]} Rc1 {[%emt 0:00:11]} 65. c4 {[%emt 0:00:00]} dxc3 {[%emt 0:01:38]} 66. Kxe3 {[%emt 0:01:10]} Rd1 {[%emt 0:00:20]} 67. Rg2 {[%emt 0:00:07]} Kc5 {[%emt 0:01:33]} 68. Rg4 {[%emt 0:01:24]} b5 {[%emt 0:00:18]} 69. axb5 {[%emt 0:00:15]} Kxb5 {[%emt 0:00:07]} 70. Rc4 {[%emt 0:00:30]} c2 {[%emt 0:00:09]} 71. Rxc2 {[%emt 0:00:33]} Kb4 {[%emt 0:00:06]} 72. Rd2 {[%emt 0:00:05]} 1/2-1/2

[Event "1st Archibald 2019"]
[Site "Sochi"]
[Date "2019.05.13"]
[Round "2.22"]
[White "Makoveev, Ilya"]
[Black "Zagrekov, Alexey"]
[Result "1-0"]
[WhiteElo "2290"]
[BlackElo "1991"]
[Annotator "ChessBase"]
[PlyCount "65"]
[EventDate "2019.05.12"]
[EventType "swiss"]
[EventCountry "RUS"]
[SourceTitle "playchess.com"]
[Source "ChessBase"]
[SourceQuality "1"]
[TimeControl "5400+30"]

1. e4 {[%emt 0:00:00]} c6 {[%emt 0:04:23]} 2. d4 {[%emt 0:00:11]} d5 {[%emt 0:00:13]} 3. f3 {[%emt 0:00:55]} g6 {[%emt 0:01:19]} 4. Nc3 {[%emt 0:01:00]} Bg7 {[%emt 0:01:20]} 5. Be3 {[%emt 0:00:13]} e6 {[%emt 0:04:12]} 6. Qd2 {[%emt 0:02:42]} Nd7 {[%emt 0:02:32]} 7. O-O-O {[%emt 0:03:39]} a6 {[%emt 0:03:25]} 8. h4 {[%emt 0:03:48]} Qa5 {[%emt 0:11:49]} 9. h5 {[%emt 0:03:28]} b5 {[%emt 0:04:06]} 10. Kb1 {[%emt 0:08:54]} Nb6 {[%emt 0:04:22]} 11. Bf4 {[%emt 0:09:41]} b4 {[%emt 0:04:01]} 12. Nce2 {[%emt 0:00:31]} Nc4 {[%emt 0:02:22]} 13. Qe1 {[%emt 0:03:27]} Ne7 {[%emt 0:09:05]} 14. Nc1 {[%emt 0:03:11]} Bb7 {[%emt 0:10:01]} 15. Bxc4 {[%emt 0:11:06]} dxc4 {[%emt 0:01:04]} 16. Bd6 {[%emt 0:34:26]} Qb5 {[%emt 0:00:00]} 17. Bxb4 {[%emt 0:00:08]} a5 {[%emt 0:00:00]} 18. Bc5 {[%emt 0:00:00]} Bf6 {[%emt 0:00:00]} 19. Nge2 {[%emt 0:03:43]} Bc8 {[%emt 0:03:25]} 20. Nc3 {[%emt 0:08:24]} Qb7 {[%emt 0:03:08]} 21. e5 {[%emt 0:00:33]} Rb8 {[%emt 0:01:18]} 22. b3 {[%emt 0:00:30]} Bg7 {[%emt 0:03:39]} 23. Ne4 {[%emt 0:00:30]} Qa8 {[%emt 0:01:13]} 24. Nd6+ {[%emt 0:00:30]} Kd7 {[%emt 0:00:18]} 25. Nxf7 {[%emt 0:00:30]} Nd5 {[%emt 0:01:23]} 26. h6 {[%emt 0:00:30]} Rg8 {[%emt 0:00:11]} 27. hxg7 {[%emt 0:00:05]} Rxg7 {[%emt 0:00:02]} 28. Nd6 {[%emt 0:00:43]} a4 {[%emt 0:00:35]} 29. Nxc4 {[%emt 0:00:42]} Qa6 {[%emt 0:00:01]} 30. Ka1 {[%emt 0:00:30]} axb3 {[%emt 0:00:11]} 31. cxb3 {[%emt 0:00:08]} Rxb3 {[%emt 0:01:36]} 32. Nxb3 {[%emt 0:00:08]} Qxc4 {[%emt 0:00:03]} 33. Rc1 {[%emt 0:00:25]} 1-0